000 00796nam a22002057a 4500
003 OSt
005 20260220055857.0
008 260220b |||||||| |||| 00| 0 eng d
020 _a9781412951098
040 _aDWCL-Main Lib
_cOC
082 _aProf. 371.4 B873 2008
100 _aBrooks-Mcnamara, Vicki
245 _aThe reflective school counselor's guide to practitioner research : skills and strategies for succesful inquiry
260 _aCalifornia :
_bCorwin Press,
_cc2008
300 _axiv, 112 pages :
_b illustrations ;
_c26 cm.
504 _a1. Includes bibliographical references and index.
650 _aEducational counseling - United States - Handbooks, manuals, etc.
650 _aStudents counselors - United States - Handbooks, manuals, etc.
942 _2ddc
_cPROF.
_mprof.
_n0
999 _c8465
_d8465